Anatomia ptaka (kośći) - Statystyki

Ogólne statystyki
  • Ten quiz został rozwiązany 37 razy
  • Średni wynik to 7 z 19
Statystyki odpowiedzi
Nazwa % Poprawnych
Czaszka
88%
Kość udowa
60%
Kość krucza
56%
Kość ramienna
52%
Żebra
48%
Kość łokciowa
44%
Kręgi szyjne
44%
Obojczyk
44%
Kość promieniowa
40%
Miednica
36%
Łopatka
32%
Kości palców
28%
Kość śródręcza
28%
Kręgi piersiowe
28%
Grzebień mostka
20%
Kość skokowa
20%
Kręgi ogonowe
20%
Kość krzyżowa
16%
Kość podudzia
12%
Nie znaleziono quizów pasujących do podanych kryteriów
Rozkład punktacji
Procent ludzi z każdym wynikiem
Percentyl według liczby udzielonych odpowiedzi
Twoja historia wyników
Nie rozwiązałeś tego quizu